000 00632nam a2200229Ia 4500
003 OSt
005 20221006165152.0
006 a|||||r|||| 00| 0
007 ta
008 221006b |||||||| |||| 00| 0 eng d
024 _a1,049
037 _cTextual
040 _aFML
_cFML
_beng
041 _2eng
_aeng
082 _aNS44, H8 -; 1
100 _aIyangar E R Srinivasa Au.
_9679243
245 0 _aIndian Dance
_b Natya and Nritya
260 _aChennai
_bBlaze Publication
_c1948
300 _a226
_ccm.
942 _hNS44, H8 -; 1
_cTEXL
_2CC
999 _c1119857
_d1119857